Ships / (Record no. 3954)

MARC details
000 -LEADER
fixed length control field 00889cam a22002774a 4500
005 - DATE AND TIME OF LATEST TRANSACTION
control field 20251205084821.0
020 ## - INTERNATIONAL STANDARD BOOK NUMBER
International Standard Book Number 1589526716 (hardcover)
040 ## - CATALOGING SOURCE
Original cataloging agency DLC
Transcribing agency DLC
Modifying agency DLC
Language of cataloging eng
050 00 - LIBRARY OF CONGRESS CALL NUMBER
Classification number VM150.A73
082 00 - DEWEY DECIMAL CLASSIFICATION NUMBER
Classification number 623.8
100 1# - MAIN ENTRY--PERSONAL NAME
Personal name Armentrout, David
Dates associated with a name 1962-
245 10 - TITLE STATEMENT
Title Ships /
Statement of responsibility, etc. David and Patricia Armentrout.
260 ## - PUBLICATION, DISTRIBUTION, ETC.
Place of publication, distribution, etc. Vero Beach, Florida :
Name of publisher, distributor, etc. Rourke Publishing LLC ;
Date of publication, distribution, etc. 2004
300 ## - PHYSICAL DESCRIPTION
Extent 24 pages :
Other physical details color illustrations ;
Dimensions 19 cm .
490 ## - SERIES STATEMENT
Series statement Transportation
505 0# - FORMATTED CONTENTS NOTE
Formatted contents note K <br/>
520 ## - SUMMARY, ETC.
Summary, etc. Photographs and text provide information about many different types of ships and the work they do.
521 ## - TARGET AUDIENCE NOTE
Target audience note 510 <br/>
Source Lexile estimate <br/>
521 ## - TARGET AUDIENCE NOTE
Target audience note K <br/>
Source Raz-Plus <br/>
650 #0 - SUBJECT ADDED ENTRY--TOPICAL TERM
Topical term or geographic name entry element Ships
Form subdivision Juvenile literature.
650 #1 - SUBJECT ADDED ENTRY--TOPICAL TERM
Topical term or geographic name entry element Ships.
700 1# - ADDED ENTRY--PERSONAL NAME
Personal name Armentrout, Patricia
Dates associated with a name 1960-
906 ## - LOCAL DATA ELEMENT F, LDF (RLIN)
a 7
b cbc
c orignew
d 1
e ecip
f 20
g y-gencatlg
942 ## - ADDED ENTRY ELEMENTS (KOHA)
Source of classification or shelving scheme Dewey Decimal Classification
Koha item type Books
Suppress in OPAC No
999 ## -
-- 3954
-- 3954
Holdings
Withdrawn status Lost status Source of classification or shelving scheme Damaged status Not for loan Collection Home library Current library Shelving location Date acquired Total Checkouts Full call number Barcode Date last seen Copy number Price effective from Koha item type
    Dewey Decimal Classification     Non-Fiction Footprints International School Library Network Toul Tom Poung Campus Footprints International School Library Network Toul Tom Poung Campus TTP Primary Yellow Bookshelves 05/28/2024   ARM 628.8 VM150.A73 FISTK00776 05/28/2024 1 05/28/2024 Books
    Dewey Decimal Classification     Non-Fiction Footprints International School Library Network Toul Tom Poung Campus Footprints International School Library Network Toul Tom Poung Campus TTP Primary Yellow Bookshelves 12/05/2025   ARM 628.8 VM150.A73 FIS03080 12/05/2025 2 12/05/2025 Books